<?xml version="1.0" encoding="UTF-8"?>
<marc:record xmlns:marc="http://www.loc.gov/MARC21/slim">
   <marc:leader>00000nam a2200000 a 4500</marc:leader>
   <marc:datafield ind1="1" ind2=" " tag="100">
      <marc:subfield code="a">Gloede, Ingrid</marc:subfield>
   </marc:datafield>
   <marc:datafield ind1="1" ind2=" " tag="100">
      <marc:subfield code="a">Freiberg, Henning</marc:subfield>
   </marc:datafield>
   <marc:datafield ind1="1" ind2=" " tag="100">
      <marc:subfield code="a">Morgenroth, Matthias</marc:subfield>
   </marc:datafield>
   <marc:datafield ind1=" " ind2=" " tag="653">
      <marc:subfield code="a">Kuba</marc:subfield>
   </marc:datafield>
   <marc:datafield ind1="0" ind2="0" tag="245">
      <marc:subfield code="a">Eine Reise durch Kuba [Tonträger]</marc:subfield>
   </marc:datafield>
   <marc:datafield ind1="0" ind2="0" tag="245">
      <marc:subfield code="c">Vorlage: Matthias Morgenroth ; Sprecher: Henning Freiberg ; Ingrid Gloede</marc:subfield>
   </marc:datafield>
   <marc:datafield ind1=" " ind2="1" tag="264">
      <marc:subfield code="b">geophon</marc:subfield>
      <marc:subfield code="c">2012</marc:subfield>
   </marc:datafield>
   <marc:datafield ind1="1" ind2=" " tag="490">
      <marc:subfield code="a">geophon Urlaub im Ohr</marc:subfield>
   </marc:datafield>
   <marc:datafield ind1="1" ind2=" " tag="520">
      <marc:subfield code="a">Kuba ist ein Land voller Klänge: Straßenmusiker ziehen durch die Straßen von Havanna, amerikanische Oldtimer werfen den stotternden Motor an und Marktleute rufen laut ihre Angebote und Preise aus! Ernesto Valera, Schlagzeuger der Gruppe Familia Valera Miranda plaudert über seine Liebe zur kubanischen Musik, Pedro Louis erzählt von der Bedeutung der Familie und Amaro spricht über die afrikanischen Traditionen auf Kuba. Spüren Sie den Geschichten und Mythen Kubas nach und lernen Sie den Alltag auf der Karibikinsel kennen: auf den Straßen des Altstadtviertels in Havanna, auf dem Markt in der Provinzstadt Cienfuegos oder bei den Zigarrendrehern in der Tabakfabrik in Pinar del Rio. Kuba ist eine Perle der Karibik, aber keine, die sich dem Reisenden glatt geschliffen präsentiert, sondern ein Schmuckstück mit Ecken und Kanten. Und gerade das macht die Insel so besonders.</marc:subfield>
   </marc:datafield>
   <marc:datafield ind1="0" ind2=" " tag="490">
      <marc:subfield code="v">0</marc:subfield>
   </marc:datafield>
   <marc:datafield ind1=" " ind2=" " tag="300">
      <marc:subfield code="a">1 CD - Audio (71 Minuten)</marc:subfield>
   </marc:datafield>
</marc:record>
